Missing Word: High School TV Shows Quiz Stats

 Plays Quiz Updated Aug 10, 2014

Support Sporcle.
Go Orange.
Score 0/34 Timer 03:00
1 Play Today
Show Missing Word % Correct
The Fresh _____ of Bel-AirPrince
95.6%
Buffy the _____ SlayerVampire
95.4%
_____ by the BellSaved
94.4%
Sabrina, the Teenage _____Witch
94.3%
That 70's _____Show
94%
21 _____ StreetJump
93.6%
Gilmore _____Girls
93.4%
Boy Meets _____World
89.4%
_____ Little LiarsPretty
88.7%
One _____ HillTree
88.1%
Freaks and _____Geeks
87.9%
The Vampire _____Diaries
87.4%
Friday Night _____Lights
84.2%
Beverly Hills, _____90210
82.5%
_____ CreekDawson's
81.5%
_____ WolfTeen
81.2%
My So-Called _____Life
78.9%
Show Missing Word % Correct
The _____ YearsWonder
76.4%
_____ MarsVeronica
73.9%
Party of _____Five
73.3%
Head of the _____Class
66.3%
Welcome Back, _____Kotter
62.7%
_____ DaysHappy
60.5%
_____ of ArcadiaJoan
56.9%
The Secret Life of the _____ TeenagerAmerican
55.9%
Sweet _____ HighValley
49.5%
The _____ of LifeFacts
46.4%
_____: The Next GenerationDegrassi
40.4%
_____ PublicBoston
38.7%
Square _____Pegs
34%
_____ 101Zoey
32.5%
Parker Lewis Can't _____Lose
30.6%
Heartbreak _____High
30.1%
____ GuySmart
21.5%

Today's Daily Dose

Missing Word
Food in Lyrics

Word Ladder
Bouquet

You're not logged in!

Compare scores with friends on all Sporcle quizzes.
OR
Log In

From the Vault

Quick True/False: World Capitals II

by LisaSimpsonOH

Is an uppercase letter called 'capital' because all capital cities start with an uppercase letter?
Remove Ads.
Support Sporcle.
Get the best of Sporcle when you Go Orange. This ad-free experience offers more features, more stats, and more fun while also helping to support Sporcle. Thank you for becoming a member.

Show Comments

Extras

Top Quizzes Today


Score Distribution

Your Account Isn't Verified!

In order to create a playlist on Sporcle, you need to verify the email address you used during registration. Go to your Sporcle Settings to finish the process.

Report this User

Report this user for behavior that violates our Community Guidelines.

Details: